000 00789nam a22002177a 4500
999 _c10743
_d10743
005 20251125232828.0
008 s2544 th tha d
040 _aNALT
041 _atha
050 _aDS578.32 ส239ค 2544
245 1 0 _aค้นหาความหมายของชายชื่อ เป๊าะ
246 _aLife story of a real man called "Poh"
260 3 _aกรุงเทพฯ :
_bHiclass Magazine,
_c2544
300 _a136 หน้า :
_b ภาพประกอบ ;
_c 28 ซม.
650 0 4 _aกำนันเป๊าะ, 2480--
650 0 4 _aสมชาย คุณปลื้ม, 2480--
850 _aNALT
856 4 0 _uhttps://hdl.handle.net/20.500.14156/410556
_71
942 _cGB
_2lcc